| 000 | 00490nam a2200193Ia 4500 | ||
|---|---|---|---|
| 003 | OSt | ||
| 005 | 20221005131723.0 | ||
| 006 | a|||||r|||| 00| 0 | ||
| 007 | ta | ||
| 008 | 221004b |||||||| |||| 00| 0 eng d | ||
| 024 | _a120799 | ||
| 037 | _cTextual | ||
| 040 |
_aCRL _cCRL _beng |
||
| 041 |
_2eng _aeng |
||
| 100 |
_aSurvey Report no 2 _9639977 |
||
| 245 | 0 | _aStudy of expenditure in national laborataries | |
| 942 |
_cTEXL _2cc |
||
| 999 |
_c1061203 _d1061203 |
||